Normal view
MARC view
Entry Personal Name
001 - CONTROL NUMBER
- control field: 48878
003 - CONTROL NUMBER IDENTIFIER
- control field: ARRUPE
005 - DATE AND TIME OF LATEST TRANSACTION
- control field: 20191204094436.0
008 - FIXED-LENGTH DATA ELEMENTS
- fixed length control field: 191204|| aca||aabn | a|a d
040 ## - CATALOGING SOURCE
- Original cataloging agency: ARRUPE
- Transcribing agency: ARRUPE
100 ## - HEADING--PERSONAL NAME
- Personal name: Hunter, William Bridges,
- Dates associated with a name: 1915-
670 ## - SOURCE DATA FOUND
- Source citation: Work cat.: (ARRUPE)0: Jonson, Ben, 1573?-1637. 48876, The complete poetry of Ben Jonson /, 1968, c1963.